000
00271nam a22001217a 4500
008
190304b xxu||||| |||| 00| 0 eng d
041
_a
eng
080
_a
159.9
100
_a
48
101
_a
PSI
245
_a
The making of Psychiastrist
_c
Viscott,D.S
942
_2
udc
_c
BK
999
_c
54413
_d
54413